00518nam a2200157Ia 4500008004100000040001900041041001200060082002000072245008800092260005400180300002500234504005000259650002300309700001800332850001000350131103s9999 xx 000 0 und d aLoreto College aEnglish a850/ALIb#NAME? aFrom time to eternityb essays on Dante's Divine Comedy cedited by Thomas G.Bergin aNew Haven and LondonbYale University Pressc1967 avii,175 p. c 20 cm. aIncludes index and bibliographical references aItalian Literature aBergin,Thomas aLCLIB